000 00984nam a2200265Ia 4500
003 OSt
005 20221005110227.0
006 a|||||r|||| 00| 0
007 ta
008 221004b |||||||| |||| 00| 0 hin d
020 _a8126022884 (hbk)
_c1250
024 _a92473
037 _b494, 19/03/2009, Vani Prakashan
_cTextual
040 _aCRL
_cCRL
_bhin
041 _2hin
_ahin
082 _aO152,1N01x, P6
100 _aकुमार विमल, संपा.
245 0 _aसुमित्रानंदन पंत रचना संचयन
246 _aSumitrānandan panta rachanā sanchayana
260 _aनई दिल्ली
_bसाहित्य अकादेमी भारत
_c2006
300 _a484पृ0
_ccm.
650 _aहिन्दी साहित्य
942 _hO152,1N01x, P6
_cTEXL
_2cc
999 _c1018177
_d1018177